• 首页
  • 本馆介绍
  • 公告通知
  • 最新文献
  • 馆藏检索
  • 电子资源
  • 读者导购
  • 参考咨询
  • 我的图书馆
  • 登录
  • 详细信息显示
  • 放入我的书架
  • 预约/预借图书
  • 作者相关作品
  • 分类相关作品
  • 丛书相关作品
  • 出版社相关作品

书目信息

  • 表格格式
  • 工作单格式
  • 卡片格式
题名:
漫步中国星空
    
 
作者: 齐锐 , 万昊宜 著
分册:  
出版信息: 北京   科学普及出版社  2014.04
页数: 227页
开本: 26cm
丛书名:
单 册:
中图分类: P1-092
科图分类:
主题词: 天文学--tian wen xue--中国--古代 , 天文学--tian wen xue
电子资源:
ISBN: 978-7-110-08351-2
000 00995nam0 2200277 450
001 0106081745
005 20201106082042.0
010    @a978-7-110-08351-2@dCNY56.00
100    @a20140827e20202014em y0chiy50 ea
101 0  @achi
102    @aCN@b110000
105    @aa z 000yy
106    @ar
200 1  @a漫步中国星空@Aman bu zhong guo xing kong@dRoving China heavens@f齐锐, 万昊宜著@zeng
210    @a北京@c科学普及出版社@d2014.04@h2020.04
215    @a227页@c图@d26cm
300    @a北京市科学技术委员会科普专项资助
330    @a本书以我国古代流传至今的认星歌谣《步天歌》为基础,结合中西对照星图,帮助读者仰望星空,认识中国传统星象,并通过历史故事和人物典故,为大家呈现星空所蕴含的传统文化和寓意。
510 1  @aRoving China heavens@zeng
606 0  @a天文学@Atian wen xue@y中国@z古代
606 0  @a天文学@Atian wen xue
690    @aP1-092@v5
701  0 @a齐锐@Aqi rui@4著
701  0 @a万昊宜@Awan hao yi@4著
801  0 @aCN@bBJSZM@c20201106
905    @b1190700-3@dP1-092@e308@f4
    
    漫步中国星空=Roving China heavens/齐锐, 万昊宜著.-北京:科学普及出版社,2014.04(2020.04)
    227页:图;26cm
    北京市科学技术委员会科普专项资助
    
    ISBN 978-7-110-08351-2:CNY56.00
    本书以我国古代流传至今的认星歌谣《步天歌》为基础,结合中西对照星图,帮助读者仰望星空,认识中国传统星象,并通过历史故事和人物典故,为大家呈现星空所蕴含的传统文化和寓意。
●
相关链接 在E读中查询图书 在五车中查询图书 在当当中查询图书 在豆瓣中查询图书


正题名:漫步中国星空     索取号:P1-092/308         预约/预借

序号 登录号 条形码 馆藏地/架位号 状态 备注
1 1190700   211907007   第二样本阅览室/ [索取号:P1-092/308] 在馆    
2 1190701   211907016   第三借阅区/ [索取号:P1-092/308] 在馆    
3 1190702   211907025   第三借阅区/ [索取号:P1-092/308] 在馆    
4 1190703   211907034   第三借阅区/ [索取号:P1-092/308] 在馆    
唐山师范学院图书馆 欢迎您!
大连网信软件有限公司© 版权所有